000 00495nam a2200181 a 4500
001 38070
005 20230414123611.0
008 140415s1997 000 0 spa d
020 _a9701011511
041 _aspa
082 _a616.128
_bITU
100 1 _aITURRALDE TORRES, PEDRO
_914041
245 1 0 _aARRITMIAS CARDIACAS
260 _a[s.l.] :
_bMCGRAW-HILL/INTERAMERICANA EDITORES,
_c1997
300 _a474
650 1 4 _aARRITMIA
_xCORAZON
_xENFERMEDADES
700 1 _aCOLIN LIZALDE, LUIS
_ecoaut.
999 _c38070
_d38070